<?xml version="1.0" encoding="UTF-8"?>
<record
    xmlns:xsi="http://www.w3.org/2001/XMLSchema-instance"
    xsi:schemaLocation="http://www.loc.gov/MARC21/slim http://www.loc.gov/standards/marcxml/schema/MARC21slim.xsd"
    xmlns="http://www.loc.gov/MARC21/slim">

  <leader>00828nam a22002417a 4500</leader>
  <controlfield tag="005">20170703103204.0</controlfield>
  <datafield tag="010" ind1=" " ind2=" ">
    <subfield code="a">B-495183-186  ENG-118511</subfield>
  </datafield>
  <datafield tag="020" ind1=" " ind2=" ">
    <subfield code="a">8189297910</subfield>
    <subfield code="c">100.00</subfield>
  </datafield>
  <datafield tag="020" ind1=" " ind2=" ">
    <subfield code="a">9788189297916</subfield>
    <subfield code="c">395.00</subfield>
  </datafield>
  <datafield tag="035" ind1=" " ind2=" ">
    <subfield code="a">B-495183-186</subfield>
  </datafield>
  <datafield tag="035" ind1=" " ind2=" ">
    <subfield code="a">EN-102043</subfield>
  </datafield>
  <datafield tag="037" ind1=" " ind2=" ">
    <subfield code="a">dpl</subfield>
    <subfield code="b">BBB/Ven</subfield>
  </datafield>
  <datafield tag="037" ind1=" " ind2=" ">
    <subfield code="b">DBAD/PUB</subfield>
  </datafield>
  <datafield tag="082" ind1=" " ind2=" ">
    <subfield code="a">183.2</subfield>
  </datafield>
  <datafield tag="245" ind1=" " ind2=" ">
    <subfield code="a">Socrates :</subfield>
    <subfield code="c">edited by Monika Khanna</subfield>
    <subfield code="b">To find yourself, think for yourself /</subfield>
  </datafield>
  <datafield tag="260" ind1=" " ind2=" ">
    <subfield code="a">Delhi</subfield>
    <subfield code="b">Vijay Goel English-Hindi Publisher</subfield>
    <subfield code="c">2013</subfield>
    <subfield code="c">2016</subfield>
  </datafield>
  <datafield tag="270" ind1=" " ind2=" ">
    <subfield code="a">S-16, Naveen Shahdara</subfield>
    <subfield code="b">Delhi</subfield>
    <subfield code="e">110032</subfield>
  </datafield>
  <datafield tag="300" ind1=" " ind2=" ">
    <subfield code="a">191p. :</subfield>
    <subfield code="c">18cm(pbk)</subfield>
    <subfield code="c">18cm(Hb)</subfield>
    <subfield code="b">ill.</subfield>
  </datafield>
  <datafield tag="490" ind1=" " ind2=" ">
    <subfield code="a">The world of philosophy</subfield>
  </datafield>
  <datafield tag="700" ind1=" " ind2=" ">
    <subfield code="a">Khanna, Monika</subfield>
  </datafield>
  <datafield tag="942" ind1=" " ind2=" ">
    <subfield code="2">ddc</subfield>
    <subfield code="c">EN</subfield>
    <subfield code="m">SOC</subfield>
    <subfield code="h">183.2</subfield>
  </datafield>
  <datafield tag="999" ind1=" " ind2=" ">
    <subfield code="c">79165</subfield>
    <subfield code="d">79165</subfield>
  </datafield>
  <datafield tag="952" ind1=" " ind2=" ">
    <subfield code="0">0</subfield>
    <subfield code="1">0</subfield>
    <subfield code="4">0</subfield>
    <subfield code="7">0</subfield>
    <subfield code="8">NFIC</subfield>
    <subfield code="a">L</subfield>
    <subfield code="b">L</subfield>
    <subfield code="d">2013-12-26</subfield>
    <subfield code="e">BBB/IN10341/11.03.2013/168/08.03.2013/15.03.2013</subfield>
    <subfield code="g">100.00</subfield>
    <subfield code="l">20</subfield>
    <subfield code="m">1</subfield>
    <subfield code="o">183.2 SOC</subfield>
    <subfield code="p">B-495183</subfield>
    <subfield code="r">2025-04-26 00:00:00</subfield>
    <subfield code="s">2025-04-05</subfield>
    <subfield code="t">1</subfield>
    <subfield code="v">100.00</subfield>
    <subfield code="w">2013-12-26</subfield>
    <subfield code="y">EN</subfield>
  </datafield>
  <datafield tag="952" ind1=" " ind2=" ">
    <subfield code="0">0</subfield>
    <subfield code="1">3</subfield>
    <subfield code="4">0</subfield>
    <subfield code="7">0</subfield>
    <subfield code="8">NFIC</subfield>
    <subfield code="a">BL1</subfield>
    <subfield code="b">BL1</subfield>
    <subfield code="d">2013-12-26</subfield>
    <subfield code="e">BBB/IN10341/11.03.2013/168/08.03.2013/15.03.2013</subfield>
    <subfield code="g">100.00</subfield>
    <subfield code="l">12</subfield>
    <subfield code="m">3</subfield>
    <subfield code="o">183.2 SOC</subfield>
    <subfield code="p">B-495184</subfield>
    <subfield code="r">2023-12-27 00:00:00</subfield>
    <subfield code="s">2023-12-27</subfield>
    <subfield code="t">1</subfield>
    <subfield code="v">100.00</subfield>
    <subfield code="y">EN</subfield>
    <subfield code="z">lost and paid under R.NO 50/23</subfield>
  </datafield>
  <datafield tag="952" ind1=" " ind2=" ">
    <subfield code="0">0</subfield>
    <subfield code="1">0</subfield>
    <subfield code="4">0</subfield>
    <subfield code="7">0</subfield>
    <subfield code="8">NFIC</subfield>
    <subfield code="a">JP</subfield>
    <subfield code="b">JP</subfield>
    <subfield code="d">2013-12-26</subfield>
    <subfield code="e">BBB/IN10341/11.03.2013/168/08.03.2013/15.03.2013</subfield>
    <subfield code="g">100.00</subfield>
    <subfield code="l">30</subfield>
    <subfield code="m">3</subfield>
    <subfield code="o">183.2 SOC</subfield>
    <subfield code="p">B-495185</subfield>
    <subfield code="r">2025-05-09 00:00:00</subfield>
    <subfield code="s">2025-05-07</subfield>
    <subfield code="t">1</subfield>
    <subfield code="v">100.00</subfield>
    <subfield code="y">EN</subfield>
  </datafield>
  <datafield tag="952" ind1=" " ind2=" ">
    <subfield code="0">0</subfield>
    <subfield code="1">0</subfield>
    <subfield code="4">0</subfield>
    <subfield code="7">0</subfield>
    <subfield code="8">NFIC</subfield>
    <subfield code="a">BN</subfield>
    <subfield code="b">BN</subfield>
    <subfield code="d">2013-12-26</subfield>
    <subfield code="e">BBB/IN10341/11.03.2013/168/08.03.2013/15.03.2013</subfield>
    <subfield code="g">100.00</subfield>
    <subfield code="l">1</subfield>
    <subfield code="o">183.2 SOC</subfield>
    <subfield code="p">B-495186</subfield>
    <subfield code="r">2025-05-19 00:00:00</subfield>
    <subfield code="s">2025-05-03</subfield>
    <subfield code="t">1</subfield>
    <subfield code="v">100.00</subfield>
    <subfield code="y">EN</subfield>
  </datafield>
  <datafield tag="952" ind1=" " ind2=" ">
    <subfield code="0">0</subfield>
    <subfield code="1">0</subfield>
    <subfield code="4">0</subfield>
    <subfield code="7">0</subfield>
    <subfield code="8">NFIC</subfield>
    <subfield code="a">BN</subfield>
    <subfield code="b">BN</subfield>
    <subfield code="d">2017-06-06</subfield>
    <subfield code="e">DBAD/PUB</subfield>
    <subfield code="g">395.00</subfield>
    <subfield code="l">0</subfield>
    <subfield code="o">183.2 SOC</subfield>
    <subfield code="p">EN-102043</subfield>
    <subfield code="r">2017-06-06 00:00:00</subfield>
    <subfield code="t">1</subfield>
    <subfield code="v">395.00</subfield>
    <subfield code="y">EN</subfield>
  </datafield>
</record>
